000 00578nam a22002057a 4500
003 AShs
005 20231108122112.0
008 130311t xxu||||| |||| 00| 0 eng d
020 _a1741104955
050 _aCB 311
_b.B811 2007
082 _aIB 930
_bB68 2007
100 _aBradley, Pamela.
245 _aCultural treasures of the ancient world /
_cPamela Bradley.
260 _aAustralia, (Chatswood, N.S.W. :):
_bNew Holland Publishers,
_cc2007.
300 _a304 p. :
_bcol. ill. ;
_c29 cm.
942 _2lcc
_cBK
999 _c2350
_d2350